| 000 | 00860nam a22002057a 4500 | ||
|---|---|---|---|
| 999 |
_c21344 _d21344 |
||
| 003 | OSt | ||
| 005 | 20240905173323.0 | ||
| 008 | 240905b ||||| |||| 00| 0 eng d | ||
| 040 | _c0 | ||
| 082 | _aDPer 621.317 Ie21 December 2022 v.37 n. 12 part 1&2. | ||
| 100 |
_aAkhavan, Ali. _eauthor. _960239 |
||
| 245 |
_aControl and stability analysis of current-control grid-connected inverters in asymmetrical grids / _cAli Akhavan, Saeed Golestan, Juan C. Vasquez, and Josep M. Guerrero. |
||
| 260 |
_aNew York; _b The Institute of Electrical and Electronics Engineers, Inc., _cDecember 2022. |
||
| 300 |
_avolume 37, pages 14252-14264, _billustration. |
||
| 700 |
_aAkhavan, Ali. _eauthor. _960239 |
||
| 700 |
_aGolestan, Saeed. _eauthor. _960240 |
||
| 700 |
_aVasquez, Juan C. _eauthor. _960241 |
||
| 700 |
_aGuerrero, Josep M. _eauthor. _960242 |
||
| 942 |
_2ddc _cPER |
||